Wards of Nagoya City - Statistics

General Stats
  • This quiz has been taken 116 times
  • The average score is 11 of 16
Answers on the Map
Answers color-coded by a green-red scale on the quiz's map according to % correct below.
 
Answer Stats
Answer % Correct
Naka 中
96%
Kita 北
87%
Higashi 東
84%
Minami 南
80%
Minato 港
80%
Nishi 西
78%
Nakamura 中村
73%
Moriyama 守山
71%
Atsuta 熱田
67%
Chikusa 千種
67%
Meito 名東
62%
Midori 緑
56%
Showa 昭和
49%
Nakagawa 中川
47%
Mizuho 瑞穂
44%
Tenpaku 天白
44%
No matching quizzes found
Score Distribution
Percent of People with Each Score
Percentile by Number Answered
Your Score History
You have not taken this quiz